000 00576nam a2200169 i 4500
001 83395
003 ES-MaACL
005 20230906174823.0
007 t|
008 041116s1982 sp ||||1| spa d
245 0 0 _aSalarios
_b: resultados correspondientes al período marzo, abril y mayo, 1982 /
_cInstituto Nacional de Estadística.
260 _aMadrid :
_b[s.n.],
_c1982.
300 _a44 p. ;
_c30 cm.
650 4 _aSalarios-
_zEspaña-
_vEstadísticas.
_9151363
710 2 _aInstituto Nacional de Estadística (España)
_95162
852 _aES-MaACL
_j2125-F-34
_bR.104129
999 _c83395
_d83395